Central Library OPAC University of Rajshahi

চিরস্থায়ীবন্দোবস্তে বাঙলা দেশের কৃষক / (Record no. 44256)

MARC details
000 -LEADER
fixed length control field 00839nam a22002297a 4500
001 - CONTROL NUMBER
control field 44256
003 - CONTROL NUMBER IDENTIFIER
rucl marc code BD-RjUL
005 - DATE AND TIME OF LATEST TRANSACTION
control field 20211209053826.0
008 - FIXED-LENGTH DATA ELEMENTS--GENERAL INFORMATION
fixed length control field 160716s1972 bg ||||| |||| 00| 0 ben d
020 ## - INTERNATIONAL STANDARD BOOK NUMBER
Terms of availability : TK 6.00
035 ## - SYSTEM CONTROL NUMBER
System control number (BD-RjUL)44374
040 ## - CATALOGING SOURCE
Original cataloging agency BD-RjUL
Language of cataloging ben
Transcribing agency BD-RjUL
041 ## - LANGUAGE CODE
Language code of text/sound track or separate title ben
082 ## - DEWEY DECIMAL CLASSIFICATION NUMBER
Edition number 23
Classification number 333.76
Author mark and year UMC 1972
100 ## - MAIN ENTRY--PERSONAL NAME
Personal name উমর, বদরুদ্দীন
9 (RLIN) 116667
245 10 - TITLE STATEMENT
Title চিরস্থায়ীবন্দোবস্তে বাঙলা দেশের কৃষক /
Statement of responsibility, etc. বদরুদ্দীন উমর
260 ## - PUBLICATION, DISTRIBUTION, ETC. (IMPRINT)
Place of publication, distribution, etc. ঢাকা :
Name of publisher, distributor, etc. মাওলা ব্রাদার্স,
Date of publication, distribution, etc. ১৯৭২
300 ## - PHYSICAL DESCRIPTION
Pagination [২০], ১৫১ পৃ. ;
Size ২১ সেমি.
650 ## - SUBJECT ADDED ENTRY--TOPICAL TERM
Topical term or geographic name as entry element কৃষি জমি
9 (RLIN) 135889
Topical term or geographic name as entry element Agricultural Land
9 (RLIN) 135890
942 ## - ADDED ENTRY ELEMENTS (KOHA)
Source of classification or shelving scheme Dewey Decimal Classification
Koha item type Books
Holdings
Lost status Source of classification or shelving scheme Damaged status Not for loan Collection code Permanent Location Current Location Shelving location Date acquired Source of acquisition Cost, normal purchase price Total Checkouts Full call number Date last seen Date checked out Copy number Koha item type
  Dewey Decimal Classification     Non-fiction Central Library, University of Rajshahi Central Library, University of Rajshahi   03/09/1973 Nawroge Kitabstan 6.00 2 B 333.76 UMC 1972 23/11/2022 09/11/2022 C-2 Books
  Dewey Decimal Classification   Not For Loan Non-fiction Central Library, University of Rajshahi Central Library, University of Rajshahi Reading Room 08/08/1983 Aligar Library, Rajshahi 20.00   B 333.76 UMC 1974 21/12/2016   C-1 Books
  Dewey Decimal Classification     Non-fiction Central Library, University of Rajshahi Central Library, University of Rajshahi   25/08/1973 Nawroge kitabstan, Dhaka 6.00 10 B 333.76 UMC 1972 24/11/2022 08/11/2022 C-3 Books